Statistiques concernant Les Films de Quentin Tarantino

Cliquez ici pour prendre le quiz!

Statistiques générales

  • Ce quiz a été pris 3 135 fois
    (2 979 depuis la dernière actualisation)
  • Le résultat moyen est 7 sur 10

Statistiques - réponses

AnnéeFilm% Correct
1994Pulp Fiction
92%
2003Kill Bill : Volume 1
88%
2004Kill Bill : Volume 2
88%
2012Django Unchained
77%
1992Reservoir Dogs
75%
2019Once Upon a Time in Hollywood
72%
1997Jackie Brown
46%
2015Les Huit Salopards
46%
2007Boulevard de la mort
37%
2009Inglourious Basterds
35%

Distribution des résultats

Percentile par nombre de réponses

% des personnes avec chaque résultat

Votre développement - résultats

Vous n’avez pas pris ce quiz depuis la dernière actualisation